Italienische Verben (regelmässig) - Statistiken

Allgemein
  • Dieses Quiz wurde 37 mal gespielt
  • Das Durchschnittsergebnis liegt bei 17 aus 21
Antwortstatistiken
Hint Antwort % Korrekt
Parlare -
100%
Credere -
100%
Dormire -
100%
3. Sg Parla
96%
1. Sg Parlo
96%
2. Sg Parli
93%
3. Sg Crede
89%
2. Sg Credi
89%
1. Sg Credo
89%
2. Sg Dormi
86%
1. Sg Dormo
86%
3. Sg Dorme
79%
2. Pl Parlate
79%
1. Pl Parliamo
75%
2. Pl Credete
71%
1. Pl Crediamo
71%
3. Pl Parlano
71%
1. Pl Dormiamo
68%
3. Pl Credono
61%
2. Pl Dormite
61%
3. Pl Dormono
50%
Keine übereinstimmenden Quizze gefunden
Verteilung der Resultate
Anzahl Personen mit jedem Resultat
Perzentil nach korrekt beantworteten Fragen
Ihre Resultats-Entwicklung
Sie haben dieses Quiz noch nicht gespielt